000 00881cam a22002897a 4500
003 CHAP
005 20220817041351.0
008 971013s r 00010 d
010 _a12380
011 _a13352
035 _a17423
040 _cCHAP
090 _aR-1524
100 0 0 _aHavens, A. Eugene.
_953116
245 0 _aMethodological issues in the study of development
500 _aLTC reprint, 100
500 _aSobretiro de: Sociología Ruralis 12(3/4): 252-272, 1972
590 _aBATCH-UPD
_b10
_c20130110
_lUCH01
_h1024
590 _aBATCH-UPD
_b10
_c20130410
_lUCH01
_h0629
590 _aBATCH-UPD
_b10
_c20130914
_lUCH01
_h1148
590 _aCONVERSION
_b10
_c20130109
_lUCH01
_h1308
650 1 4 _aDesarrollo económico.
710 _aLand Tenure Center. Madison, Wis.
_964637
901 _aBK
942 _cREIMP
949 _aR-1524
_bBC
_cR
_d-41141
_eTS1
_i17423
_si
999 _c12380
_d12380